000 00361cam a2200145ua 4500
041 _amal
_h
082 _a320.01
_bCHA/RA
100 _aChacko, P.C .
245 _aRashtra Vijaneeyam /
_cChacko.
_hTextual Documents
260 _a :
_bSahitya Pravarthaka Co-operative Society ,
_c1955.
300 _a ; .
504 _a
942 _cBK
999 _c12030
_d12030